Διοίκηση προσωπικού ξενοδοχειακών επιχειρήσεων
Αποθηκεύτηκε σε:
| Κύριος συγγραφέας: | |
|---|---|
| Μορφή: | Βιβλίο |
| Γλώσσα: | Greek |
| Δημοσίευση: |
Αθήνα :
Έλλην,
c2008.
|
| Θέματα: | |
| Ετικέτες: |
Προσθήκη ετικέτας
Δεν υπάρχουν, Καταχωρήστε ετικέτα πρώτοι!
|
MARC
| LEADER | 00000cam a2200000 a 4500 | ||
|---|---|---|---|
| 001 | 1/122656 | ||
| 008 | 210210t2008####gr | ||| |||| ||gre|| | ||
| 020 | |a 9789602869840 |q (χαρτόδετο) | ||
| 040 | |a GR-MyUa |b gre |c GR-MyUa |e AACR2 | ||
| 041 | 1 | |a gre | |
| 082 | 7 | |a 338.47910683 |2 (23) | |
| 100 | 1 | |a Λίβερης, Παναγιώτης. |d (1964 - ) |e aut | |
| 245 | 1 | 0 | |a Διοίκηση προσωπικού ξενοδοχειακών επιχειρήσεων / |c Λίβερης Παναγιώτης. |
| 260 | |a Αθήνα : |b Έλλην, |c c2008. | ||
| 300 | |a 333 σ. : |b διαγρ., πίν. ; |c 24 εκ. | ||
| 504 | |a Περιλαμβάνει βιβλιογραφία. | ||
| 650 | 0 | |a Hospitality industry |x Personnel management. | |
| 852 | |a INST |b CHIOS |c EUDOXUS |e 20210210 |h 338.47910683 ΛΙΒ |p 005200039797 |q 005200039797 |t EDX |y 0 | ||
| 920 | |a Εύδοξος |b Παραγγελία |y Χίος-ΤΟΔΙΤ |z 2021-02 | ||
| 970 | |a Παροικάκη |b Βασιλική |z 10-02-2021 | ||